1878 1519 1510 1497 1860 1330 1774 1477 1229 1222 1518 1909 1752 1511 1042 1392 1021 1592 1334 1938 1964 1790 1580 1918 1767 1815 1259 1125 1825 1277 1611 1787 1581 1164 1467 1108 1369 1168 1164 1758 1226 1217 1294 1497 1980 1987 1444 1223 1151 1940 1488 1049 1947 1806 1304 1043 1134 1016 1603 1548 1288 1173 1307 1757 1784 1077 1745 1130 1345 1804 1499 1180 1107 1063 1710 1294 1146 1730 1865 1913 1183 1922 1117 1620 1988 1113 1270 1120 1491 1089 1796 1198 1851 1396 1414 1363 1298 1525 1336 BCNSPRNW ULIB Ver.6.0+V

เปลี่ยนเป็นภาษาไทย

Change to English
 แสดงรายละเอียดบรรณานุกรม
  กลับหน้าหลัก

Brief Record : Get Marc (ISO 2709) : E-mail record : QR code < ปิดหน้าต่าง
LEADER : 00000nam 2200000uu 4500
001    13399121979
003     ULIB
008    121218s2550||||th 000 0 tha d
020    ^a9789747488517
060 04 ^aWG200^bน612ค 2550
100 0  ^aนิธิ มหานนท์
245 10 ^aคู่มือธรรม-ใจ/^cนิธิ มหานนท์
250    ^aพิมพ์ครั้งที่ 1
260    ^aกรุงเทพฯ :^bเอเอเปเปอร์,^c2550
300    ^a141 หน้า :^bภาพประกอบ
650  7 ^aโรคหัวใจ
650  7 ^aโรคกล้ามเนื้อหัวใจขาดเลือด
945    ^p269^l0^i14482
995    ^aกัณชพร
999 ^a ใช้งานได้ทุกระบบ
รายการนี้ยังไม่มีแท็ก
คุณยังไม่ได้ล็อกอิน คุณสามารถมีกิจกรรมร่วมกับเว็บไซต์ได้ แต่ต้องล็อกอินก่อน ::
  ล็อกอิน

รายการสื่อสารสนเทศ

ลำดับที่ ประเภท เลขเรียก/บาร์โค้ด สถานที่ สถานะ
1. วิทยาศาสตร์การแพทย์ และสุขภาพ
วิทยาศาสตร์การแพทย์ และสุขภาพ
WG200 น612ค 2550  
  Barcode: 14482
ห้องสมุดวิทยาเขตสวรรค์ประชารักษ์
►ส่วนจัดเก็บหนังสือเก่า สปร
บนชั้น
  ขอยืม

รายการใกล้เคียง
    ผู้แต่ง [นิธิ มหานนท์]

    หัวเรื่อง [โรคหัวใจ]
    หัวเรื่อง [โรคกล้ามเนื้อหัวใจขาดเลือด]

BibComment


ยังไม่เคยถูกคอมเมนท์

คอมเมนท์ทรัพยากรรายการนี้
  คอมเมนท์: คู่มือธรรมใจ นิธ..


 Copyright 2026. Bcnsprnw @Library